History of Banaras State from Mansaram (1730) to the Merger of the State with the union of India (1949) (Record no. 14843)
[ view plain ]
| 000 -LEADER | |
|---|---|
| fixed length control field | 00572nam a2200157Ia 4500 |
| 082 ## - DEWEY DECIMAL CLASSIFICATION NUMBER | |
| Classification number | TS.0016 |
| 100 ## - MAIN ENTRY--AUTHOR NAME | |
| Personal name | Singh, Shakti Pratap |
| 245 #0 - TITLE STATEMENT | |
| Title | History of Banaras State from Mansaram (1730) to the Merger of the State with the union of India (1949) |
| 260 ## - PUBLICATION, DISTRIBUTION, ETC. (IMPRINT) | |
| Year of publication | 1987 |
| Name of publisher | Banaras Hindu University |
| 300 ## - PHYSICAL DESCRIPTION | |
| Number of Pages | 402p. + C D - 51 |
| 650 ## - SUBJECT ADDED ENTRY--TOPICAL TERM | |
| Topical Term | INDIA - HISTORY///BANARAS STATE - HISTORY - 1730-1949 |
| 650 ## - SUBJECT ADDED ENTRY--TOPICAL TERM | |
| Topical Term | UTTAR PRADESH - HISTORY///BANARAS STATE - HISTORY - 1730-1949 |
| 650 ## - SUBJECT ADDED ENTRY--TOPICAL TERM | |
| Topical Term | BANARAS STATE - HISTORY - 1730-1949 |
| 710 ## - ADDED ENTRY--CORPORATE NAME | |
| Corporate name or jurisdiction name as entry element | Qanungo, Bhupen |
| 942 ## - ADDED ENTRY ELEMENTS (KOHA) | |
| Koha item type | Thesis |
| Source of classification or shelving scheme | Dewey Decimal Classification |
| Withdrawn status | Lost status | Damaged status | Not for loan | Home library | Current library | Date acquired | Bill Date | Full call number | Accession Number | Price effective from | Koha item type |
|---|---|---|---|---|---|---|---|---|---|---|---|
| NASSDOC Library | NASSDOC Library | 08/10/2004 | 2004-10-22 | TS.0016 | 27591 | 18/04/2019 | Thesis |
